[Event "DRUZYNOWE MISTRZOSTWA POLSKI JUNIOROW - II LIGA"]
[Site "Szczyrk, CKiR Orle Gniazdo ul. Wrzosowa 28a"]
[Date "2014-07-30"]
[Round "8.53"]
[White "Kaszok, Weronika"]
[Black "Wojna, Ewelina"]
[Result "0-1"]
[WhiteTitle "II"]
[BlackTitle "I"]
[WhiteElo "1365"]
[BlackElo "1565"]

1. d4 Nf6 2. Bf4 g6 3. h3 Bg7 4. e3 O-O 5. Nf3 d6 6. Bd3 Nc6 7. O-O Nd5 8. Bg3
e5 9. c3 Kh8 10. e4 Nf4 11. Bxf4 exf4 12. Re1 f6 13. Nbd2 g5 14. Nh2 Bd7 15. Qc2
h5 16. f3 Bh6 17. Be2 Rg8 18. Kh1 Ne7 19. Rg1 Qc8 20. g4 fxg3 21. Rxg3 Bxh3 22.
Rag1 h4 23. Rg4 Bxg4 24. fxg4 Ng6 25. Rf1 Nf4 26. Bd1 Re8 27. Nhf3 Qe6 28. Rg1
Qxa2 29. Nb3 Qa6 30. Re1 Bg7 31. Qd2 Qc6 32. Bc2 Re7 33. Na5 Qd7 34. b4 b6 35.
Nc4 Qxg4 36. Nh2 Qe6 37. d5 Qh3 38. Re3 Qd7 39. Bd1 Rae8 40. Bg4 Qb5 41. Qd4 f5
42. Qd3 Nxd3 0-1

[Event "DRUZYNOWE MISTRZOSTWA POLSKI JUNIOROW - II LIGA"]
[Site "Szczyrk, CKiR Orle Gniazdo ul. Wrzosowa 28a"]
[Date "2014-07-30"]
[Round "8.54"]
[White "Bakalarczyk, Zuzanna"]
[Black "Orlik, Sandra"]
[Result "1/2-1/2"]
[WhiteTitle "II"]
[BlackTitle "II"]
[WhiteElo "1239"]
[BlackElo "1288"]

1. e4 c5 2. Nf3 e6 3. d4 cxd4 4. Nxd4 a6 5. Be3 Qc7 6. Bd3 Nf6 7. Nc3 Bb4 8. O-O
Bxc3 9. bxc3 Qxc3 10. e5 Nd5 11. Qg4 g6 12. Bh6 Rg8 13. Bg5 h5 14. Qh4 Nc6 15.
Nxc6 dxc6 16. Rfe1 b5 17. Qg3 Ra7 18. Rab1 a5 19. h3 Rb7 20. Qf3 a4 21. Qe4 Rg7
22. Bh6 Rh7 23. Bg5 Rg7 24. Bh6 Rh7 25. Bg5 Rg7 26. Bh6 Rh7 27. Bg5 Rg7 28. Bh6
Rh7 29. Bg5 Rg7 30. Bh6 Rh7 31. Bg5 1/2-1/2

[Event "DRUZYNOWE MISTRZOSTWA POLSKI JUNIOROW - II LIGA"]
[Site "Szczyrk, CKiR Orle Gniazdo ul. Wrzosowa 28a"]
[Date "2014-07-30"]
[Round "8.55"]
[White "Tomaka, Marek"]
[Black "Korpalski, Maciej"]
[Result "1-0"]
[WhiteTitle "II"]
[BlackTitle "I"]
[WhiteElo "1623"]
[BlackElo "1739"]

1. e4 c5 2. Nf3 d6 3. d4 cxd4 4. Nxd4 Nf6 5. Nc3 e6 6. Be2 a6 7. O-O Qc7 8. f4
b5 9. e5 dxe5 10. fxe5 Nfd7 11. Bh5 g6 12. Bf3 Bb7 13. Qe1 Bc5 14. Be3 Bxf3 15.
Nxf3 Nxe5 16. Nxe5 Qxe5 17. Bxc5 Qxc5+ 18. Kh1 Nc6 19. Ne4 Qe5 20. Nf6+ Ke7 21.
Qf2 Rad8 22. Rae1 Qg5 23. Ne4 Qf5 24. Qh4+ g5 25. Nxg5 Rd4 26. Ne4+ 1-0

[Event "DRUZYNOWE MISTRZOSTWA POLSKI JUNIOROW - II LIGA"]
[Site "Szczyrk, CKiR Orle Gniazdo ul. Wrzosowa 28a"]
[Date "2014-07-30"]
[Round "8.56"]
[White "Korpalska, Joanna"]
[Black "Modlich, Kacper"]
[Result "1-0"]
[WhiteTitle "I++"]
[BlackTitle "II+"]
[WhiteElo "1695"]
[BlackElo "1591"]

1. e4 c5 2. Nf3 d6 3. d4 cxd4 4. Nxd4 Nf6 5. Nc3 g6 6. Be3 Bg7 7. f3 O-O 8. Qd2
Nc6 9. Bc4 Bd7 10. O-O-O Rc8 11. Bb3 Nxd4 12. Bxd4 b5 13. Nd5 Nxd5 14. Bxg7 Kxg7
15. Bxd5 Kg8 16. h4 a5 17. e5 e6 18. Be4 d5 19. Bd3 Qe7 20. h5 b4 21. Qh6 Be8
22. Rh3 a4 23. Rdh1 Rc7 24. Qxh7+ Kxh7 25. hxg6+ Kg7 26. Rh7+ Kg8 27. Rh8+ Kg7
28. R1h7# 1-0

[Event "DRUZYNOWE MISTRZOSTWA POLSKI JUNIOROW - II LIGA"]
[Site "Szczyrk, CKiR Orle Gniazdo ul. Wrzosowa 28a"]
[Date "2014-07-30"]
[Round "8.57"]
[White "Ulatowski, Jakub"]
[Black "Wrobel, Michal"]
[Result "1/2-1/2"]
[WhiteTitle "II"]
[BlackTitle "I"]
[WhiteElo "1477"]
[BlackElo "1720"]

1. e4 e6 2. d4 d5 3. Nd2 Nf6 4. e5 Nfd7 5. Bd3 c5 6. c3 Nc6 7. Ne2 cxd4 8. cxd4
f6 9. exf6 Nxf6 10. Nf3 Bd6 11. Bf4 O-O 12. O-O Bxf4 13. Nxf4 Qd6 14. Ne2 Bd7
15. Re1 Rae8 16. Ng3 Kh8 17. a3 Qf4 18. Bc2 a6 19. Qd3 g6 20. Rad1 Re7 21. h3
Rg7 22. Qe3 Ne8 23. Qxf4 Rxf4 24. Ne2 Rf8 25. Nc3 b5 26. Ne5 Nxe5 27. Rxe5 Rgf7
28. Rd2 Nd6 29. b3 Kg7 30. Nd1 a5 31. Nb2 a4 32. Nd3 axb3 33. Bxb3 Nc4 34. Bxc4
bxc4 35. Nc5 Re7 36. Nxd7 Rxd7 37. Rxe6 Ra8 38. Re3 Rda7 39. Ra2 Rb8 40. Kf1 Rb3
41. Rxb3 cxb3 42. Rb2 Rxa3 43. Ke1 Ra4 44. Rxb3 Rxd4 45. Ke2 Kf6 46. Rd3 Rxd3
47. Kxd3 Ke5 48. g3 g5 49. Ke3 h5 50. f4+ gxf4+ 51. gxf4+ Kf5 52. Kd4 Kxf4 53.
Kxd5 Kg3 54. Ke4 Kxh3 55. Kf3 Kh2 56. Kf2 1/2-1/2

[Event "DRUZYNOWE MISTRZOSTWA POLSKI JUNIOROW - II LIGA"]
[Site "Szczyrk, CKiR Orle Gniazdo ul. Wrzosowa 28a"]
[Date "2014-07-30"]
[Round "8.58"]
[White "Kawaler, Adam"]
[Black "Modlich, Piotr"]
[Result "1/2-1/2"]
[WhiteTitle "I"]
[BlackTitle "II"]
[WhiteElo "1610"]
[BlackElo "1465"]

1. d4 d5 2. Nf3 Nf6 3. Bg5 e6 4. e3 Nbd7 5. c4 c6 6. Nc3 Be7 7. Qc2 O-O 8. cxd5
exd5 9. Be2 Re8 10. O-O Nf8 11. Rad1 Ng6 12. Ne5 Bd6 13. Nxg6 hxg6 14. e4 dxe4
15. Nxe4 Bf5 16. f3 Be7 17. Bxf6 Bxf6 18. Nxf6+ Qxf6 19. Qd2 Rad8 20. Bc4 Be6
21. Qc3 Bxc4 22. Qxc4 Rd5 23. Rd3 Red8 24. Rfd1 b5 25. Qb4 a6 26. Qe1 c5 27. Qe4
Rxd4 28. Rxd4 Rxd4 29. Rxd4 cxd4 30. g3 d3 31. Qxd3 Qxb2 32. Qd8+ Kh7 33. Qh4+
Kg8 34. Qd8+ Kh7 35. Qh4+ Kg8 36. Qd8+ Kh7 37. Qh4+ Kg8 38. Qd8+ Kh7 39. Qh4+
Kg8 40. Qd8+ Kh7 41. Qh4+ 1/2-1/2

[Event "DRUZYNOWE MISTRZOSTWA POLSKI JUNIOROW - II LIGA"]
[Site "Szczyrk, CKiR Orle Gniazdo ul. Wrzosowa 28a"]
[Date "2014-07-30"]
[Round "8.59"]
[White "Hryn, Zofia"]
[Black "Sekowska, Helena"]
[Result "0-1"]
[WhiteTitle "II"]
[BlackTitle "I"]
[WhiteElo "1320"]
[BlackElo "1489"]

1. e4 c5 2. Nf3 e6 3. d4 cxd4 4. Nxd4 Nf6 5. Nc3 Nc6 6. Ndb5 Bb4 7. a3 Bxc3+ 8.
Nxc3 d5 9. exd5 exd5 10. Bd3 d4 11. Ne2 O-O 12. O-O a6 13. Bg5 Re8 14. Re1 b5
15. Qd2 h6 16. Bh4 Bb7 17. Rad1 Rc8 18. Bf5 Rc7 19. Nxd4 Rxe1+ 20. Rxe1 Nxd4 21.
Bxf6 gxf6 22. Bd3 Kg7 23. Re3 Rc5 24. Rh3 Rg5 25. f4 Rxg2+ 26. Qxg2+ Bxg2 27.
Kxg2 Qd5+ 0-1

[Event "DRUZYNOWE MISTRZOSTWA POLSKI JUNIOROW - II LIGA"]
[Site "Szczyrk, CKiR Orle Gniazdo ul. Wrzosowa 28a"]
[Date "2014-07-30"]
[Round "8.60"]
[White "Frej, Hanna"]
[Black "Hryn, Aleksandra"]
[Result "1/2-1/2"]
[WhiteTitle "II"]
[BlackTitle "I"]
[WhiteElo "1356"]
[BlackElo "1293"]

1. e4 c5 2. Nc3 a6 3. a4 Nc6 4. f4 g6 5. Nf3 Bg7 6. Bc4 e6 7. O-O Nge7 8. d3 O-O
9. Bd2 d5 10. Bb3 Re8 11. Qe1 b6 12. Qh4 Bb7 13. Ng5 h6 14. Nf3 Qd7 15. Kh1 Nd4
16. Ne5 Qd8 17. Be1 Rc8 18. Bf2 Qc7 19. Ng4 h5 20. Nf6+ Bxf6 21. Qxf6 Nxb3 22.
cxb3 dxe4 23. dxe4 Nc6 24. Bh4 Qe7 25. Rad1 Rc7 26. f5 Qxf6 27. Bxf6 exf5 28.
exf5 Na7 29. fxg6 fxg6 30. Rd8 Rc8 31. Rd7 Rb8 32. h3 Nc6 33. Bg5 Ne5 34. Rc7
Rec8 35. Re7 Re8 36. Rc7 Rec8 37. Re7 Re8 38. Rc7 Rec8 39. Re7 Re8 40. Rc7 Rec8
1/2-1/2

[Event "DRUZYNOWE MISTRZOSTWA POLSKI JUNIOROW - II LIGA"]
[Site "Szczyrk, CKiR Orle Gniazdo ul. Wrzosowa 28a"]
[Date "2014-07-30"]
[Round "8.61"]
[White "Ruttar, Lukasz"]
[Black "Kulas, Szymon"]
[Result "0-1"]
[WhiteTitle "II"]
[BlackTitle "I++"]
[WhiteElo "1507"]
[BlackElo "2005"]

1. e4 c5 2. Nf3 e6 3. d4 cxd4 4. Nxd4 Nc6 5. Nc3 Qc7 6. Be2 a6 7. Be3 Nf6 8. a3
b5 9. f3 Bb7 10. O-O Bd6 11. g3 Nxd4 12. Bxd4 h5 13. Bxf6 gxf6 14. f4 h4 15. Bf3
hxg3 16. hxg3 O-O-O 17. Ne2 Rh7 18. Kf2 Bc5+ 19. Ke1 Rh2 20. Kd2 d5 0-1

[Event "DRUZYNOWE MISTRZOSTWA POLSKI JUNIOROW - II LIGA"]
[Site "Szczyrk, CKiR Orle Gniazdo ul. Wrzosowa 28a"]
[Date "2014-07-30"]
[Round "8.62"]
[White "Nowak, Kamil"]
[Black "Zarnowski, Krzysztof"]
[Result "1/2-1/2"]
[WhiteTitle "I"]
[BlackTitle "I+"]
[WhiteElo "1845"]
[BlackElo "1906"]

1. d4 d5 2. c4 c6 3. Nf3 Nf6 4. Nc3 e6 5. e3 Bd6 6. Qc2 O-O 7. Bd3 Nbd7 8. O-O
dxc4 9. Bxc4 b5 10. Bd3 Bb7 11. a3 a5 12. Ng5 Bxh2+ 13. Kxh2 Ng4+ 14. Kg1 Qxg5
15. f3 Ngf6 16. e4 Qh4 17. Be3 e5 18. Ne2 Nh5 19. Rac1 Ng3 20. Rfd1 Rfd8 21. Nxg3
Qxg3 22. Be2 Nf6 23. Bf2 Qg5 24. Qc5 Nd7 25. Qd6 Rac8 26. dxe5 Nf8 27. Qc5 Ne6
28. Be3 Nxc5 29. Bxg5 Rxd1+ 30. Rxd1 Ne6 31. Be3 a4 32. f4 Rd8 33. Rxd8+ Nxd8
34. Bg4 Kf8 35. Kf2 Ke8 36. f5 c5 37. Bxc5 Bxe4 38. g3 g6 39. f6 h5 40. Bh3 Ne6
41. Bxe6 fxe6 42. Ke3 Bd5 43. Kf4 Kf7 44. Kg5 Bc4 45. Bd6 Bd3 1/2-1/2

[Event "DRUZYNOWE MISTRZOSTWA POLSKI JUNIOROW - II LIGA"]
[Site "Szczyrk, CKiR Orle Gniazdo ul. Wrzosowa 28a"]
[Date "2014-07-30"]
[Round "8.63"]
[White "Swider, Pawel"]
[Black "Lipski, Lukasz"]
[Result "0-1"]
[WhiteTitle "II"]
[BlackTitle "II+"]
[WhiteElo "1400"]
[BlackElo "1595"]

1. d4 Nf6 2. c4 e6 3. Nc3 Bb4 4. e3 b6 5. Bd3 Bb7 6. Nf3 O-O 7. O-O Bxc3 8. bxc3
d6 9. Qc2 Nbd7 10. Ng5 h6 11. Ne4 Qe7 12. f3 c5 13. Nxf6+ Nxf6 14. e4 e5 15. d5
Nh5 16. g3 Bc8 17. Rf2 Kh8 18. Be2 Nf6 19. Rb1 Rg8 20. Be3 g5 21. g4 h5 22. h3
h4 23. Bd1 Ne8 24. a4 Ba6 25. Qa2 f6 26. Rfb2 Nc7 27. Be2 Rgb8 28. a5 Kg7 29.
axb6 axb6 30. Qb3 Qe8 31. Qc2 b5 32. cxb5 Bxb5 33. c4 Ba4 34. Rxb8 Bxc2 35. Rxe8
Nxe8 36. Rb2 Ra1+ 37. Kf2 Bd1 38. Bd3 Kf8 39. Bc2 Bxc2 40. Rxc2 Ra4 41. Ke2 Ke7
42. Bd2 Nc7 43. Kd3 Kd7 44. Rc1 Na8 45. Rb1 Kc7 46. Rb5 Ra3+ 47. Bc3 Nb6 48. Ra5
Na4 49. Kd2 Nxc3 50. Rxa3 Nb1+ 51. Kc2 Nxa3+ 52. Kb3 Nxc4 53. Kxc4 Kb6 54. Kd3
Kb5 55. Kc3 c4 56. Kc2 Kb4 57. Kb2 c3+ 58. Kc1 Kb3 59. Kb1 c2+ 60. Kc1 Kc3 61.
f4 gxf4 62. g5 f3 0-1

[Event "DRUZYNOWE MISTRZOSTWA POLSKI JUNIOROW - II LIGA"]
[Site "Szczyrk, CKiR Orle Gniazdo ul. Wrzosowa 28a"]
[Date "2014-07-30"]
[Round "8.64"]
[White "Dolharz, Jakub"]
[Black "Krezolek, Mateusz"]
[Result "1-0"]
[WhiteTitle "II"]
[BlackTitle "III"]
[WhiteElo "1164"]
[BlackElo "1113"]

1. e4 e5 2. Nf3 Nc6 3. d4 exd4 4. Nxd4 Bc5 5. Be3 Qf6 6. c3 Nge7 7. Bb5 a6 8. Ba4
O-O 9. Nxc6 Bxe3 10. Nxe7+ Qxe7 11. fxe3 b5 12. Bc2 Qh4+ 13. g3 Qg5 14. Qf3 Bb7
15. Nd2 f5 16. O-O-O fxe4 17. Qe2 d5 18. Rhf1 Bc6 19. Bb3 Bd7 20. Rxf8+ Rxf8 21.
Rf1 Bg4 22. Rxf8+ Kxf8 23. Qf2+ Ke8 24. Qf4 Qxf4 25. gxf4 c6 26. a4 Kf7 27. axb5
axb5 28. Bd1 Bf5 29. Nb3 Ke7 30. Nd4 Bd7 31. Be2 Kf7 32. b3 Ke7 33. c4 bxc4 34.
bxc4 Kd6 35. cxd5 cxd5 36. Bb5 Bh3 37. Ba4 Kc5 38. Bb3 Bd7 39. Ba2 Bc8 40. f5
Kd6 41. Kd2 Bd7 42. Kc3 Bc8 43. Kb4 Bd7 44. Nb5+ Ke5 45. Nc3 Bxf5 46. Bxd5 Bg6
47. Bb7 Bf5 48. Ne2 Bg6 49. Nf4 Bf5 50. Nh5 g5 51. Ng3 Bg6 52. Bc8 h6 53. Bg4
Kf6 54. Kc4 Ke5 55. Kc5 Bf7 56. Bh5 Be6 57. Bg6 Bd5 58. Nf5 Be6 59. Nxh6 Bc8 60.
Nf7+ Kf6 61. Nd6 Kxg6 62. Nxc8 Kf5 63. Nd6+ Ke5 64. Nf7+ Kf6 65. Nxg5 Kxg5 66.
Kd4 Kg4 67. Kxe4 Kh3 68. Kf5 Kxh2 69. e4 1-0

[Event "DRUZYNOWE MISTRZOSTWA POLSKI JUNIOROW - II LIGA"]
[Site "Szczyrk, CKiR Orle Gniazdo ul. Wrzosowa 28a"]
[Date "2014-07-30"]
[Round "8.65"]
[White "Ziemba, Magdalena"]
[Black "Dwilewicz, Agata"]
[Result "1-0"]
[WhiteTitle "I"]
[BlackTitle "I"]
[WhiteElo "1589"]
[BlackElo "1540"]

1. d4 d5 2. c4 c6 3. Nc3 dxc4 4. e3 b5 5. Nxb5 cxb5 6. Qf3 Qc7 7. Qxa8 Bd7 8. Qe4
c3 9. Qc2 b4 10. bxc3 bxc3 11. Ne2 e6 12. Qxc3 Nc6 13. Ba3 Bxa3 14. Qxa3 Nge7
15. Rc1 O-O 16. Nc3 f5 17. Be2 f4 18. O-O Nf5 19. d5 exd5 20. Nxd5 Qe5 21. Nxf4
Re8 22. Rfd1 Nb8 23. Qxa7 Bc6 24. Rc5 Qf6 25. Bc4+ Kh8 26. Nh5 Qg6 27. Nf4 Qg4
28. Be2 Qg5 29. Qf7 Nd6 30. Qxe8+ 1-0

[Event "DRUZYNOWE MISTRZOSTWA POLSKI JUNIOROW - II LIGA"]
[Site "Szczyrk, CKiR Orle Gniazdo ul. Wrzosowa 28a"]
[Date "2014-07-30"]
[Round "8.66"]
[White "Szulc, Patrycja"]
[Black "Pedrak, Paulina"]
[Result "0-1"]
[WhiteTitle "II"]
[BlackTitle "I"]
[WhiteElo "1383"]
[BlackElo "1395"]

1. c4 e5 2. Nc3 Nc6 3. d3 d6 4. g3 f5 5. Bg2 Nf6 6. e4 Be7 7. Nge2 O-O 8. O-O Bd7
9. f4 fxe4 10. Nxe4 Qc8 11. Re1 Bh3 12. Bh1 h5 13. N2c3 h4 14. Nxf6+ Bxf6 15.
Nd5 hxg3 16. hxg3 exf4 17. Bxf4 Bxb2 18. Rb1 Bd4+ 19. Be3 Bxe3+ 20. Nxe3 Rb8 21.
Qh5 Rf6 22. Bxc6 Rh6 23. Bd5+ Kh8 24. Qe2 c6 25. Bg2 Bd7 26. Bf3 Qc7 27. Qf2 Rf8
28. Rf1 Rh3 29. Kg2 Rf6 30. Rh1 Rfh6 31. Bg4 Rxh1 32. Rxh1 Rxh1 33. Kxh1 Bxg4
34. Nxg4 a6 35. Qf8+ Kh7 36. Qf4 Qa5 37. Qe4+ Kh8 38. Qe2 b5 39. Ne3 b4 40. Qd2
Qb6 41. Nf5 c5 42. Qb2 Qb7+ 43. Qg2 Qc7 44. Qd5 a5 45. Nxd6 a4 46. Qh5+ Kg8 47.
Qd5+ Kh7 48. Ne4 b3 49. axb3 axb3 50. Qh5+ Kg8 51. Qd1 Qb6 52. Nc3 b2 53. Qb1
Qh6+ 54. Kg1 Qc1+ 55. Nd1 Qxb1 0-1

[Event "DRUZYNOWE MISTRZOSTWA POLSKI JUNIOROW - II LIGA"]
[Site "Szczyrk, CKiR Orle Gniazdo ul. Wrzosowa 28a"]
[Date "2014-07-30"]
[Round "8.67"]
[White "Lapaj, Mateusz"]
[Black "Gladysz, Jakub"]
[Result "1-0"]
[WhiteTitle "I++"]
[BlackTitle "I"]
[WhiteElo "2135"]
[BlackElo "1789"]

1. d4 d5 2. Nc3 e6 3. e4 dxe4 4. Nxe4 Nf6 5. Nxf6+ Qxf6 6. Nf3 h6 7. Bd3 Bd6 8.
O-O O-O 9. Qe2 Nc6 10. Qe4 Qf5 11. Qh4 Be7 12. Qg3 Bd6 13. Qxd6 cxd6 14. Bxf5
exf5 15. d5 Nb4 16. c4 Nd3 17. Rd1 Nxc1 18. Raxc1 Bd7 19. Nd4 Rac8 20. b3 Rfe8
21. Re1 Rxe1+ 22. Rxe1 Kf8 23. a4 a6 24. a5 Re8 25. Rxe8+ Kxe8 26. Kf1 Ke7 27.
Ke2 Kf6 28. f4 Ke7 29. Kd3 Kd8 30. Nf3 Kc7 31. Kd4 Be8 32. b4 Ba4 33. Nd2 g5 34.
g3 f6 35. Nf1 Bc2 36. Ne3 Be4 37. fxg5 fxg5 38. g4 Bb1 39. Nxf5 h5 40. Nh6 hxg4
41. Nxg4 Kd7 42. c5 dxc5+ 43. bxc5 Ke7 44. Ke5 Bd3 45. Nf6 Bb5 46. Ne4 Be2 47.
Nxg5 1-0

[Event "DRUZYNOWE MISTRZOSTWA POLSKI JUNIOROW - II LIGA"]
[Site "Szczyrk, CKiR Orle Gniazdo ul. Wrzosowa 28a"]
[Date "2014-07-30"]
[Round "8.68"]
[White "Wilk, Tomasz"]
[Black "Rosicki, Marcin"]
[Result "1-0"]
[WhiteTitle "I"]
[BlackTitle "I"]
[WhiteElo "1767"]
[BlackElo "1776"]

1. c4 Nf6 2. Nc3 e6 3. e4 d6 4. d4 Nbd7 5. Nf3 e5 6. g3 Be7 7. Bg2 O-O 8. O-O Re8
9. h3 Bf8 10. Be3 a6 11. a4 Rb8 12. Qc2 Qe7 13. Rfe1 g6 14. Rad1 Bg7 15. dxe5
Nxe5 16. Nd2 Be6 17. b3 Nc6 18. Nd5 Bxd5 19. cxd5 Nb4 20. Qc4 a5 21. f4 Qd7 22.
Bf2 b5 23. axb5 Qxb5 24. Qxb5 Rxb5 25. Nc4 Nd7 26. Bf1 Reb8 27. Rc1 Nc5 28. Nxd6
cxd6 29. Bxb5 Rxb5 30. Bxc5 Rxc5 31. Rxc5 Bd4+ 32. Kg2 Bxc5 33. Kf3 Nc2 34. Rb1
Nd4+ 35. Kg2 Kf8 36. g4 Ke7 37. h4 h5 38. Kg3 Ne2+ 39. Kf3 Nc3 40. Re1 Bb4 41.
gxh5 gxh5 42. Rg1 Nb5 43. e5 Nd4+ 44. Ke4 Nxb3 45. Rg7 Kf8 46. Rh7 Kg8 47. Rxh5
a4 48. Rg5+ Kh7 49. e6 fxe6 50. dxe6 a3 51. Kd5 a2 52. Rg1 Nc5 53. e7 Nd7 54.
Ke6 1-0

[Event "DRUZYNOWE MISTRZOSTWA POLSKI JUNIOROW - II LIGA"]
[Site "Szczyrk, CKiR Orle Gniazdo ul. Wrzosowa 28a"]
[Date "2014-07-30"]
[Round "8.69"]
[White "Gora, Szczepan"]
[Black "Zak, Piotr"]
[Result "1-0"]
[WhiteTitle "III"]
[BlackTitle "II"]
[WhiteElo "1115"]
[BlackElo "1328"]

1. e4 e5 2. Nf3 Nc6 3. Bc4 Bc5 4. O-O Nf6 5. d3 h6 6. Be3 Bb6 7. Nc3 O-O 8. Re1
d6 9. h3 Be6 10. Bb3 Qd7 11. Bxe6 fxe6 12. Qe2 Rf7 13. Rad1 Raf8 14. Rf1 Nh7 15.
Nd2 Qe7 16. Nb3 Rf6 17. Kh1 Qf7 18. f3 Ne7 19. d4 exd4 20. Bxd4 e5 21. Bxb6 axb6
22. a3 Ng6 23. Nd5 Re6 24. Ne3 Nf4 25. Qd2 Rg6 26. Rf2 Nf6 27. Rdf1 N6h5 28. Nf5
Kh7 29. Kh2 Ne6 30. Qe2 Nhf4 31. Qd2 Nc5 32. Nxc5 bxc5 33. c3 Rf6 34. g3 Ne6 35.
Kg2 Qh5 36. g4 Nf4+ 37. Kg1 Qg5 38. Kh2 g6 39. h4 Ne6 40. hxg5 Nxg5 41. Nh4 1-0

[Event "DRUZYNOWE MISTRZOSTWA POLSKI JUNIOROW - II LIGA"]
[Site "Szczyrk, CKiR Orle Gniazdo ul. Wrzosowa 28a"]
[Date "2014-07-30"]
[Round "8.70"]
[White "Bober, Tomasz"]
[Black "Guzik, Tomasz"]
[Result "1/2-1/2"]
[WhiteTitle "II"]
[BlackTitle "III"]
[WhiteElo "1161"]
[BlackElo "1284"]

1. d4 d5 2. c4 dxc4 3. e3 Nc6 4. Bxc4 Nf6 5. Nc3 e6 6. Bd2 Bb4 7. a3 Bxc3 8. Bxc3
O-O 9. Nf3 a6 10. O-O b5 11. Bd3 Bb7 12. Nd2 Ne7 13. f4 Nf5 14. Qe2 Re8 15. Nf3
Bxf3 16. Rxf3 Rc8 17. a4 Rb8 18. axb5 axb5 19. Bxb5 Re7 20. Rd1 Nd6 21. Bd3 Nde4
22. Bxe4 Nxe4 23. Qd3 f5 24. d5 Qxd5 25. Qxd5 exd5 26. Rxd5 g6 27. Bd4 c6 28.
Re5 Rxe5 29. Bxe5 Rd8 30. h3 Rd1+ 31. Rf1 Rd3 32. Rc1 c5 33. Re1 Kf7 34. g4 Nd2
35. Kf2 Ne4+ 36. Kf3 Rd2 37. Re2 Rd1 38. g5 Rg1 39. Rg2 Rf1+ 40. Ke2 Rc1 41. Kd3
Rh1 42. b4 cxb4 43. Rb2 b3 44. Kd4 Rxh3 45. Rxb3 Rh1 46. Rb7+ Ke6 1/2-1/2

[Event "DRUZYNOWE MISTRZOSTWA POLSKI JUNIOROW - II LIGA"]
[Site "Szczyrk, CKiR Orle Gniazdo ul. Wrzosowa 28a"]
[Date "2014-07-30"]
[Round "8.71"]
[White "Konopacka, Martyna"]
[Black "Kozubal, Aleksandra"]
[Result "1-0"]
[WhiteTitle "I"]
[BlackTitle "I+"]
[WhiteElo "1715"]
[BlackElo "1576"]

1. e4 c5 2. Nc3 Nc6 3. Nge2 d6 4. d3 g6 5. g3 Bg7 6. Bg2 e5 7. Nd5 Nge7 8. Nec3
O-O 9. O-O f5 10. Be3 Be6 11. Qd2 Nd4 12. Bg5 Ndc6 13. Nxe7+ Nxe7 14. exf5 Bxf5
15. Nd5 Rf7 16. Nxe7+ Rxe7 17. Bxb7 Rb8 18. Bd5+ Kh8 19. c3 Qd7 20. Bxe7 Qxe7
21. Rae1 Qd7 22. b3 a5 23. Rb1 h6 24. b4 axb4 25. cxb4 cxb4 26. Rxb4 Rxb4 27.
Qxb4 Kh7 28. Qb8 g5 29. Rb1 Be6 30. Rb7 Qc8 31. Be4+ Kg8 32. Qxc8+ Bxc8 33. Rb8
1-0

[Event "DRUZYNOWE MISTRZOSTWA POLSKI JUNIOROW - II LIGA"]
[Site "Szczyrk, CKiR Orle Gniazdo ul. Wrzosowa 28a"]
[Date "2014-07-30"]
[Round "8.72"]
[White "Jurkiewicz, Zuzanna"]
[Black "Zamarska, Sylwia"]
[Result "1/2-1/2"]
[WhiteTitle "I"]
[BlackTitle "II"]
[WhiteElo "1442"]
[BlackElo "1313"]

1. d4 d5 2. c4 e6 3. Nf3 c6 4. e3 Nf6 5. a3 Bd6 6. Nc3 Nbd7 7. Be2 O-O 8. O-O dxc4
9. Bxc4 e5 10. Qc2 exd4 11. exd4 Nb6 12. Ba2 Nbd5 13. Bg5 Nf4 14. Ne5 Ne6 15.
Bxe6 Bxe6 16. Rad1 Be7 17. f4 Nd5 18. Bxe7 Qxe7 19. Nxd5 Bxd5 20. Rde1 Qd6 21.
Kh1 f6 22. Nd3 Rfe8 23. Qc5 Qxc5 24. Nxc5 b6 25. Na4 Rad8 26. Nc3 Bc4 27. Rxe8+
Rxe8 28. Rd1 Bb3 29. Rc1 Rd8 30. Ne2 Re8 31. Nc3 Rd8 32. Ne2 Re8 33. Nc3 Rd8 34.
Ne2 Re8 35. Nc3 Rd8 36. Ne2 Re8 37. Nc3 Rd8 38. Ne2 1/2-1/2

[Event "DRUZYNOWE MISTRZOSTWA POLSKI JUNIOROW - II LIGA"]
[Site "Szczyrk, CKiR Orle Gniazdo ul. Wrzosowa 28a"]
[Date "2014-07-30"]
[Round "8.73"]
[White "Nun, Grzegorz"]
[Black "Jajte-pachota, Maciej"]
[Result "1-0"]
[WhiteTitle "I"]
[BlackTitle "I"]
[WhiteElo "1907"]
[BlackElo "1916"]

1. e4 Nf6 2. Nc3 d6 3. d4 g6 4. f3 Bg7 5. Be3 Nc6 6. Qd2 e5 7. d5 Nd4 8. Nge2 Nxe2
9. Bxe2 O-O 10. O-O-O Nh5 11. g4 Nf4 12. h4 Ng2 13. g5 Nxe3 14. Qxe3 f5 15. exf5
Rxf5 16. Bd3 Rf4 17. Be4 Bd7 18. Ne2 Rf7 19. Kb1 Bf5 20. h5 Bxe4 21. fxe4 Qd7
22. Qg3 Qb5 23. Nc3 Qd7 24. hxg6 hxg6 25. Qh2 Rf3 26. Qh7+ Kf7 27. Rh6 Rg8 28.
Rxg6 Rf4 29. Rf6+ Rxf6 30. gxf6 Kf8 31. fxg7+ Qxg7 32. Qxg7+ Rxg7 33. a3 Ke8 34.
Rh1 c6 35. Rh8+ Kd7 36. Ra8 a6 37. dxc6+ Kxc6 38. Nd5 Kc5 39. Ka2 Kd4 40. Nc3
Rc7 41. Rh8 Rc6 42. Rh3 b5 43. Rd3+ Kc5 44. Nd5 b4 45. Nxb4 Rb6 46. b3 1-0

[Event "DRUZYNOWE MISTRZOSTWA POLSKI JUNIOROW - II LIGA"]
[Site "Szczyrk, CKiR Orle Gniazdo ul. Wrzosowa 28a"]
[Date "2014-07-30"]
[Round "8.74"]
[White "Golda, Sebastian"]
[Black "Czerniawski, Krzysztof"]
[Result "1-0"]
[WhiteTitle "I"]
[BlackTitle "I"]
[WhiteElo "1730"]
[BlackElo "1761"]

1. e4 c5 2. Nf3 d6 3. Bc4 Nf6 4. d3 g6 5. O-O Bg7 6. h3 O-O 7. Re1 Nc6 8. c3 Na5
9. Bb5 a6 10. Ba4 b5 11. Bc2 e5 12. Be3 Qc7 13. Qc1 Bd7 14. Nbd2 c4 15. Nf1 cxd3
16. Bxd3 d5 17. Ng3 dxe4 18. Nxe4 Nxe4 19. Bxe4 Bc6 20. Bxc6 Qxc6 21. Bh6 f6 22.
Nh2 Nc4 23. Ng4 Nd6 24. Bxg7 Kxg7 25. Qh6+ Kg8 26. Rad1 Nf5 27. Qd2 Kg7 28. Ne3
Nxe3 29. Rxe3 Rf7 30. Rd3 Raa7 31. Rd6 Qc4 32. a3 Qc7 33. Qd5 Qb7 34. Qe6 Qe4
35. f3 Qe2 36. R1d2 Qe3+ 37. Kh2 h5 38. R2d5 Rae7 39. Qc8 Qf4+ 40. Kg1 Qc1+ 41.
Rd1 Qxb2 42. Rd8 Kh6 43. h4 Qb3 44. Rh8+ Rh7 45. Qf8+ Reg7 46. Rd7 1-0

[Event "DRUZYNOWE MISTRZOSTWA POLSKI JUNIOROW - II LIGA"]
[Site "Szczyrk, CKiR Orle Gniazdo ul. Wrzosowa 28a"]
[Date "2014-07-30"]
[Round "8.78"]
[White "Furtak, Joanna"]
[Black "Raczykowska, Paulina"]
[Result "1/2-1/2"]
[WhiteTitle "I"]
[BlackTitle "II+"]
[WhiteElo "1425"]
[BlackElo "1242"]

1. e4 e5 2. Nc3 Nf6 3. Bc4 Nc6 4. d3 Bc5 5. f4 exf4 6. Bxf4 d6 7. Na4 Bxg1 8. Rxg1
a6 9. Nc3 Na5 10. Bb3 Nxb3 11. axb3 Be6 12. Qf3 Nd7 13. d4 f6 14. d5 Bf7 15. Qg3
g5 16. Be3 Bg6 17. O-O-O Qe7 18. Rge1 O-O-O 19. Bd4 Ne5 20. Bxe5 dxe5 21. Qe3
Kb8 22. Rd2 Qb4 23. Na4 b6 24. Qc3 Qxc3 25. Nxc3 h5 26. Red1 Rd6 27. Rf2 h4 28.
Rdf1 Rf8 29. h3 Kb7 30. Rd2 Kc8 31. Re2 Kd7 32. Na2 Ke7 33. Nb4 Ra8 34. Nc6+ Kd7
35. Kd2 a5 36. Ke3 Rf8 37. Ref2 Bh7 38. c3 Kc8 39. Rf3 Kb7 40. g3 hxg3 41. Rxg3
Ka6 42. Rxg5 fxg5 43. Rxf8 Rh6 44. Nxe5 Rxh3+ 45. Kf2 Bxe4 46. Rd8 Rh2+ 47. Ke3
Bb1 48. Nc6 Rxb2 49. Ra8+ Kb7 50. Ra7+ Kc8 51. Ra8+ Kb7 52. Ra7+ Kc8 53. Ra8+
Kb7 54. Ra7+ Kc8 1/2-1/2

[Event "DRUZYNOWE MISTRZOSTWA POLSKI JUNIOROW - II LIGA"]
[Site "Szczyrk, CKiR Orle Gniazdo ul. Wrzosowa 28a"]
[Date "2014-07-30"]
[Round "8.79"]
[White "Czerw, Dawid"]
[Black "Niedbala, Wojciech"]
[Result "1/2-1/2"]
[WhiteTitle "I++"]
[BlackTitle "I"]
[WhiteElo "1993"]
[BlackElo "1851"]

1. d4 Nf6 2. c4 g6 3. Nc3 d5 4. Bf4 Bg7 5. e3 O-O 6. Rc1 Be6 7. Nf3 dxc4 8. Be2
c5 9. dxc5 Qxd1+ 10. Rxd1 Nc6 11. Ng5 Bf5 12. e4 Bg4 13. f3 Bc8 14. Bxc4 h6 15.
Nxf7 Rxf7 16. Bxf7+ Kxf7 17. Be3 Be6 18. Kf2 Nb4 19. Rd2 Nxa2 20. Nxa2 Bxa2 21.
b3 Bxb3 22. Rb1 Ba4 23. Rxb7 Bc6 24. Rc7 Bxe4 25. Ra2 Nd5 26. Rcxa7 Rxa7 27. Rxa7
Nxe3 28. Kxe3 Bd5 29. Ra6 Bf6 30. g3 Ke8 31. h4 Kd7 32. Kf4 h5 33. g4 Bxh4 34.
Rxg6 hxg4 35. Kxg4 Bf2 36. Ra6 Bxc5 37. Kf4 Bd6+ 38. Ke3 Ke6 39. Ra5 Bc6 40. Rh5
Be8 41. Ra5 Kf6 42. Ra8 Bf7 43. Ra5 e5 44. Ra6 Ke6 45. Rxd6+ Kxd6 46. f4 Kd5 1/2-1/2